00303nam a2200133Ia 45000030006000000080041000060400015000471000019000622450038000812500012001192600009001315460012001400050017001520STCL150530s9999 xx 000 0 und d aSTCLcSTCL aFrederic, A.O. aEssentials of American Government aSeventh c1952 aEnglish20220125165448.0